| 000 | 00310nam a2200133 i 4500 | ||
|---|---|---|---|
| 001 | bg | ||
| 100 | 1 | _aZAREMBA, P. | |
| 245 | 0 |
_aProblemy przyszłości miast dużych / _cP. Zaremba. |
|
| 260 |
_aPoznań, _c1967. |
||
| 040 | _cBPK | ||
| 041 | _apol | ||
| 942 | _cKS | ||
| 008 | s pl f |000 0 pol | ||
| 999 |
_c10486 _d10486 |
||
| 856 |
_uhttp://koha.tu.koszalin.pl/cgi-bin/koha/opac-detail.pl?biblionumber=10486 _yKatalog online BPK |
||